01481nam a2200253 a 4500001001000000005001700010008004100027041000800068044000700076084002000083100004500103245009300148260006500241300002400306500012300330500009600453500043000549500001100979650005200990650005601042650003401098650004501132740005001177BRCA_274920190320203943.0051208s1900----mx-a---###---#000-0#spa-u aspa amx a237b.M86c19001 aCervantes Saavedra, Miguel ded1547-161610aEl Ingenioso Hidalgo Don Quijote de la Manchacescrito por Miguel de Cervantes Saavedra. aMéxicobTalleres de tipografía y grabados El Mundoc1900 a500 p.bil.c39 cm. aContenido : Primera parte. Retrato de Cervantes. Prólogo del autor. Texto. Segunda parte. Prólogo del autor. Texto aEdición : Con las mejores ilustraciones que se conocen. Escudo de la edición príncipe aBonita edición de gran formato y mucho valor, pues restituye el escudo de la primera edición de Cuesta y reproduce las magníficas ilustraciones de Gustavo Doré. Se basa, en camio, en la tercera edición de Cuesta (1608), y suprime las dos dedicatorias ccervantinas. Está excelentemente encuadernada en piel roja con relieves y adornos dorados. Hermoso ejemplar que honra el arte gráfico mexicano Lúdovik Osterc aQM100914aNovela españolaxÉpoca clásica, 1500-170014aLiteratura españolayÉpoca clásica, 1500-170014aNovela españolaySiglo XVII14aDon Quijote (Personaje ficticio)eNovela0 aEl Ingenioso Hidalgo Don Quijote de la Mancha